Віктор Доманицький (Запис № 316709)

МАРК-запис
000 -Лідер
fixed length control field 00824nam a22002537a 4500
001 - Контрольний номер
control field 30299
003 - Ідентифікатор контрольного номера
control field UA-OsUOA
005 - Дата та час останнього входження (трансакції)
control field 20191218143017.0
007 - Фіксоване поле фізичного опису
fixed length control field ta
008 - Елементи даних фіксованої довжини – загальна інформація
fixed length control field 20041109b un ||||| |||| 00| 0 ukr d
040 ## - Джерело каталогізації
Агенція оригінальної каталогізації UA-OsUOA
Мова каталогізації ukr
Агенція, яка здійснювала перезапис UA-OsUOA
Агенція, яка здійснювала модифікацію UA-OsUOA
041 ## - Код мови
Код мови тексту/ звукової доріжки чи окремого заголовка (П) ukr
044 ## - Код країни видавця/ виробника
Код країни видавця/ виробника (П) CA
080 ## - Індекс Універсальної десяткової класифікації
Індекс Універсальної десяткової класифікації (УДК) (НП) 929:001
090 ## - Локальний шифр розміщення
Класифікаційний індекс УДК 929:001
Авторський знак (НП) Д66
100 ## - Основне введення – ім’я особи
Ім’я особи (НП) Дучимінська О.
245 ## - Відомості про назву
Назва (НП) Віктор Доманицький
Дані про відповідальність (НП) О. Дучимінська; ред. М. І. Мандрик
260 ## - Публікація, розповсюдження і т.п. (Вихідні дані)
Місце публікації, розповсюдження і т.п. (П) Вінніпег
Ім’я/ наймення видавництва, розповсюджувача і т.п. (П) Українська Вільна Академія Наук
Дата публікації, розповсюдження і т.п. (П) 1964
300 ## - Фізичний опис
Обсяг 83 с.
Інші фізичні характеристики (НП) Ілюстрації
650 #7 - Додаткове предметне введення – тематичний термін
Тематичний термін чи географічна назва, як елемент введення (НП) 9 Географія. Біографії. Історія
Джерело заголовка чи терміна UDC
942 ## - Додаткові елементи входу (Коха)
Тип елемента Koha Книги
Source of classification or shelving scheme Universal Decimal Classification
955 ## - Код типу видання за змістом
Код типу видання за змістом (НП) Наукові видання
Фонди
Стан вилучень Стан втрат Джерело класифікації або схеми стелажів Стан уражень Не для кредиту Постійне місце розташування Поточне розміщення Дата придбання Джерело придбання Вартість, звичайна ціна покупки Інвентарний номер Усього замовленно Повний номер виклику Штрих-код Дата останнього перегляду Ціна ефективна від Тип елемента Koha
    Universal Decimal Classification     АБ - Абонемент НБ АБ - Абонемент НБ 05/07/2016 30/2016 6.00 151645   929:001 Д66 151645 19/01/2022 09/11/2004 Книги
    Universal Decimal Classification     Наукова бібліотека ІДУД Наукова бібліотека ІДУД 16/12/2013 308/2013 1.00 2135073   929 Д85 2135073 14/09/2019 16/12/2013 Книги
    Universal Decimal Classification     Наукова бібліотека ІДУД Наукова бібліотека ІДУД 20/12/2013 308/2013 1.00 2135255   929 Д85 2135255 14/09/2019 20/12/2013 Книги
    Universal Decimal Classification     Наукова бібліотека ІДУД Наукова бібліотека ІДУД 17/07/2014 311/2014 1.00 2136832   929 Д85 2136832 14/09/2019 17/07/2014 Книги
    Universal Decimal Classification     ЧЗ - Читальна зала ЧЗ - Читальна зала 09/11/2004   1.00 72757   929:001 Д66 72757 07/02/2022 09/11/2004 Книги
    Universal Decimal Classification     ЧЗ - Читальна зала ЧЗ - Читальна зала 09/11/2004   1.00 72758   929:001 Д66 72758 07/02/2022 09/11/2004 Книги
    Universal Decimal Classification     ЧЗ - Читальна зала ЧЗ - Читальна зала 09/11/2004   4.00 72759   929:001 Д66 72759 07/02/2022 09/11/2004 Книги
    Universal Decimal Classification     ЧЗ - Читальна зала ЧЗ - Читальна зала 09/11/2004   6.00 72760   929:001 Д66 72760 07/02/2022 09/11/2004 Книги
    Universal Decimal Classification     ЧЗ - Читальна зала ЧЗ - Читальна зала 09/11/2004   1.00 72761   929:001 Д66 72761 07/02/2022 09/11/2004 Книги